[Event "Bergen Chess International"]
[Site "Bergen NOR"]
[Date "2001.08.10"]
[EventDate "2001.08.04"]
[Round "7"]
[Result "1/2-1/2"]
[White "Kjetil Stokke"]
[Black "Rune Myhrvold"]
[WhiteElo "2016"]
[BlackElo "2248"]
[PlyCount "90"]

1. e4 c6 2. d4 d5 3. Nc3 dxe4 4. Nxe4 Nf6 5. Nxf6+ gxf6 6. c3
Bf5 7. Nf3 e6 8. g3 h5 9. Bg2 Be4 10. Qb3 Qb6 11. Bf4 Nd7
12. O-O Bg7 13. Rfe1 f5 14. Ng5 Qxb3 15. axb3 Bxg2 16. Kxg2
O-O 17. Nf3 Rfd8 18. Ne5 Nxe5 19. Bxe5 Bxe5 20. Rxe5 Kg7
21. h4 Kf6 22. Kf3 Rg8 23. Ke3 Rg4 24. Kd3 f4 25. Rxh5 fxg3
26. fxg3 Rxg3+ 27. Kc4 Rg2 28. Rf1+ Kg7 29. Rg5+ Rxg5 30. hxg5
Rd8 31. Ra1 a6 32. Ra5 Kg6 33. Re5 Rd5 34. Re2 c5 35. dxc5
Rxg5 36. Rd2 Rg4+ 37. Kd3 f5 38. Ke3 Kf6 39. Rd7 Rg7 40. Rxg7
Kxg7 41. b4 Kf6 42. c4 e5 43. b5 axb5 44. cxb5 Ke6 45. b4 Kd7
1/2-1/2

[Event "Bergen Chess International"]
[Site "Bergen NOR"]
[Date "2001.08.10"]
[EventDate "2001.08.04"]
[Round "7"]
[Result "1-0"]
[White "Emanuel Berg"]
[Black "Torbjorn Ringdal Hansen"]
[WhiteElo "2496"]
[BlackElo "2244"]
[PlyCount "67"]

1. e4 c6 2. d4 d5 3. e5 Bf5 4. Nc3 e6 5. g4 Bg6 6. Nge2 Ne7
7. f4 Na6 8. Ng3 Nb4 9. f5 exf5 10. a3 f4 11. axb4 fxg3
12. hxg3 Nc8 13. b5 Bb4 14. Bd3 Nb6 15. bxc6 bxc6 16. Bxg6
fxg6 17. O-O Bxc3 18. bxc3 Nc4 19. Ra6 Qc8 20. Qf3 Qe6 21. Bg5
Nb6 22. c4 dxc4 23. Qa3 Nc8 24. Qc5 Qd5 25. Qxc6+ Qxc6
26. Rxc6 h6 27. Bc1 Ne7 28. Rc7 h5 29. Ba3 Nd5 30. Rxg7 hxg4
31. e6 O-O-O 32. Rxa7 Rh3 33. Ra8+ Kc7 34. Rf7+ 1-0

[Event "Bergen Chess International"]
[Site "Bergen NOR"]
[Date "2001.08.10"]
[EventDate "2001.08.04"]
[Round "7"]
[Result "1-0"]
[White "Petter Glenne Stokstad"]
[Black "Thomas Johansson"]
[WhiteElo "2195"]
[BlackElo "2250"]
[PlyCount "81"]

1. d4 c5 2. d5 f5 3. g4 fxg4 4. e4 d6 5. h3 Nf6 6. Nc3 e5
7. Bb5+ Bd7 8. a4 g3 9. fxg3 Be7 10. Nf3 O-O 11. Ng5 Ne8
12. h4 Nc7 13. Qh5 h6 14. Qg6 Bxg5 15. hxg5 a6 16. gxh6 Qf6
17. Qxg7+ Qxg7 18. hxg7 Rf6 19. Bxd7 Nxd7 20. Rh8+ Kxg7
21. Rxa8 Nxa8 22. Bg5 Rg6 23. Bh4 Nab6 24. Ke2 Nf6 25. a5 Nbd7
26. Ra3 Nh5 27. Kf3 Ndf6 28. Rb3 Ng4 29. Rxb7+ Kh6 30. Rb8 Kh7
31. Rb6 Nh2+ 32. Kf2 Ng4+ 33. Ke2 Nh6 34. Rxa6 Nxg3+ 35. Bxg3
Rxg3 36. Rxd6 Rg2+ 37. Kd3 Ng4 38. Rd7+ Kg6 39. a6 c4+
40. Kxc4 Ne3+ 41. Kc5 1-0

[Event "Bergen Chess International"]
[Site "Bergen NOR"]
[Date "2001.08.10"]
[EventDate "2001.08.04"]
[Round "7"]
[Result "1/2-1/2"]
[White "Katarzyna Toma"]
[Black "Geir Sune Tallaksen Ostmoe"]
[WhiteElo "2174"]
[BlackElo "2239"]
[PlyCount "44"]

1. e4 e5 2. Nf3 Nc6 3. d4 exd4 4. Nxd4 Nf6 5. Nxc6 bxc6 6. e5
Qe7 7. Qe2 Nd5 8. c4 Nb6 9. Nc3 a5 10. Qe4 g6 11. Bd3 Bg7
12. O-O O-O 13. f4 f5 14. exf6 Qxf6 15. Kh1 Qd4 16. Qe2 d6
17. Be3 Qf6 18. Rf2 Bf5 19. Ne4 Qe7 20. Ng3 Bxd3 21. Qxd3 Rae8
22. Re1 Qf7 1/2-1/2

[Event "Bergen Chess International"]
[Site "Bergen NOR"]
[Date "2001.08.10"]
[EventDate "2001.08.04"]
[Round "7"]
[Result "1/2-1/2"]
[White "Svein Johannessen"]
[Black "Philip Landgren"]
[WhiteElo "2269"]
[BlackElo "2193"]
[PlyCount "91"]

1. e4 e5 2. Nc3 Nf6 3. g3 Nc6 4. Bg2 Bc5 5. Nf3 d6 6. O-O a6
7. d3 O-O 8. h3 h6 9. Be3 Re8 10. Kh2 Ba7 11. Qd2 Ne7 12. Bxa7
Rxa7 13. Nh4 Ng6 14. Nxg6 fxg6 15. f4 c6 16. Qe3 b6 17. d4
Rae7 18. Rad1 Qc7 19. Rf2 Bb7 20. fxe5 dxe5 21. d5 Rd8
22. Rfd2 Rd6 23. Na4 cxd5 24. exd5 Nd7 25. Be4 b5 26. Nc3 Rf7
27. Bg2 Qb6 28. Qe2 Qd8 29. Ne4 Rb6 30. a4 Nf6 31. Nc5 Qd6
32. a5 Qxc5 33. axb6 Nd7 34. d6 Qxb6 35. Bxb7 Qxb7 36. Qg4 Kh7
37. Re2 Nf6 38. Qe6 e4 39. d7 Rxd7 40. Rxd7 Nxd7 41. Qxe4 Qb6
42. Qe6 Qb7 43. b4 Nf6 44. Qe7 Qf3 45. Qe3 Qd5 46. Qc5 1/2-1/2

[Event "Bergen Chess International"]
[Site "Bergen NOR"]
[Date "2001.08.10"]
[EventDate "2001.08.04"]
[Round "7"]
[Result "1/2-1/2"]
[White "Flemming Christenson"]
[Black "Stig Gabrielsen"]
[WhiteElo "2218"]
[BlackElo "2280"]
[PlyCount "119"]

1. d4 Nf6 2. Nf3 g6 3. c4 Bg7 4. Nc3 d5 5. cxd5 Nxd5 6. e4
Nxc3 7. bxc3 c5 8. Be3 Qa5 9. Qd2 O-O 10. Rc1 cxd4 11. cxd4
Qxd2+ 12. Nxd2 e6 13. Nb3 Nc6 14. Bb5 Bd7 15. O-O a6 16. Be2
Rfd8 17. Rfd1 Be8 18. d5 exd5 19. Bb6 Rdc8 20. exd5 Ne5
21. Nc5 Bh6 22. Rb1 Nd7 23. Nxb7 Nxb6 24. Rxb6 Ba4 25. Rf1 Bg7
26. Rb4 Bd7 27. Bf3 a5 28. Rbb1 a4 29. d6 Rab8 30. Bd5 Bf8
31. Rfc1 Bf5 32. Rxc8 Bxc8 33. g3 Bxd6 34. Bxf7+ Kg7 35. Bd5
Bh3 36. Rc1 Be5 37. Rc4 a3 38. f4 Bb2 39. Rc7+ Kh6 40. Kf2 Re8
41. Rc4 Bf5 42. Nd6 Rf8 43. Nf7+ Kg7 44. Rc7 Rc8 45. Rxc8 Bxc8
46. Nd6 Bh3 47. Ke2 Bd4 48. Nc4 Bc5 49. Ne5 Bc8 50. Kd3 Ba6+
51. Ke4 Bf1 52. Kf3 Bg1 53. h4 Ba6 54. g4 Bc8 55. Nc4 Bc5
56. Nd2 Be7 57. Kg3 Bb4 58. Ne4 Be1+ 59. Kf3 Bxh4 60. Nd6
1/2-1/2

[Event "Bergen Chess International"]
[Site "Bergen NOR"]
[Date "2001.08.10"]
[EventDate "2001.08.04"]
[Round "7"]
[Result "0-1"]
[White "Preben Andersen"]
[Black "Miitrei Sorsa"]
[WhiteElo "2041"]
[BlackElo "2111"]
[PlyCount "64"]

1. d4 Nf6 2. Nf3 c5 3. e3 d6 4. Bd3 g6 5. O-O Bg7 6. c3 b6
7. Re1 O-O 8. e4 cxd4 9. Nxd4 Bb7 10. Bg5 Nbd7 11. Nd2 Nc5
12. Bc2 e5 13. N4f3 Qd7 14. Bxf6 Bxf6 15. Nc4 Rad8 16. Qe2 Be7
17. Nfd2 Qc6 18. Ne3 Bg5 19. Nd5 Kh8 20. Rad1 f5 21. Nf3 Ne6
22. Nxg5 Nxg5 23. exf5 gxf5 24. Qh5 Rg8 25. Bxf5 Rdf8 26. Bg4
Qc5 27. Ne3 Ne6 28. f3 Nf4 29. Qh4 Nxg2 30. Kxg2 Rxf3 31. Qh6
Rf6+ 32. Kg1 Rxh6 0-1

[Event "Bergen Chess International"]
[Site "Bergen NOR"]
[Date "2001.08.10"]
[EventDate "2001.08.04"]
[Round "7"]
[Result "1-0"]
[White "Agnieszka Matras-Clement"]
[Black "Jesper Morch Lauridsen"]
[WhiteElo "2218"]
[BlackElo "2223"]
[PlyCount "76"]

1. e4 c5 2. Nc3 e6 3. f4 d5 4. Nf3 dxe4 5. Nxe4 Nc6 6. Bb5 Bd7
7. O-O Nh6 8. d3 Nf5 9. c3 Be7 10. Qe2 O-O 11. Kh1 Ncd4
12. Nxd4 Nxd4 13. cxd4 Bxb5 14. f5 exf5 15. Ng3 g6 16. d5 Bd6
17. Qf3 Qh4 18. Bd2 Bxg3 19. Qxg3 Qxg3 20. hxg3 Rad8 21. b4
Bxd3 22. Rfe1 c4 23. Re7 Be4 24. Bh6 Rfe8 25. Rxb7 a6 26. Ra7
Bxd5 27. Rxa6 Re2 28. Rg1 Rb2 29. a3 c3 30. Bg5 Re8 31. Rd6
Ba8 32. Bf6 Rb3 33. Rd3 Rxa3 34. Rxc3 Ra4 35. Rb3 Rb8 36. b5
Ra5 37. b6 Ra6 38. Rd1 h5 1-0

[Event "Bergen Chess International"]
[Site "Bergen NOR"]
[Date "2001.08.10"]
[EventDate "2001.08.04"]
[Round "7"]
[Result "1-0"]
[White "Victor Hansen"]
[Black "Joanna Zimny"]
[WhiteElo "2086"]
[BlackElo "2087"]
[PlyCount "79"]

1. e4 e5 2. Bc4 Nf6 3. d4 d6 4. Nf3 Nbd7 5. Ng5 d5 6. exd5 Bd6
7. dxe5 Nxe5 8. Be2 O-O 9. O-O Bf5 10. c4 Qd7 11. Nc3 Rfe8
12. Nf3 Neg4 13. h3 Ne5 14. Nd4 Bc5 15. Nxf5 Qxf5 16. Na4 Bf8
17. Be3 Rad8 18. Qb1 Qd7 19. Qc2 b5 20. cxb5 Nxd5 21. Bg5 f6
22. Bc1 Kh8 23. Nc5 Qc8 24. a3 c6 25. b4 Ng6 26. Bg4 Qb8
27. bxc6 Ne5 28. Nd7 Qd6 29. Nxe5 Qxe5 30. Bb2 Qf4 31. Rae1
Bd6 32. g3 Qh6 33. Bd7 Rf8 34. Qf5 Ne7 35. Qe6 Qd2 36. Bc1 Qd5
37. Qxd5 Nxd5 38. Rd1 Nb6 39. Rxd6 Nxd7 40. cxd7 1-0

[Event "Bergen Chess International"]
[Site "Bergen NOR"]
[Date "2001.08.10"]
[EventDate "2001.08.04"]
[Round "7"]
[Result "0-1"]
[White "Jan Vidar Vestly"]
[Black "Trond Gabrielsen"]
[WhiteElo "2109"]
[BlackElo "2217"]
[PlyCount "96"]

1. d4 Nf6 2. Nf3 g6 3. Bf4 Bg7 4. e3 d6 5. h3 O-O 6. Be2 Nbd7
7. O-O Ne4 8. Bh2 e5 9. c4 Qe7 10. Na3 f5 11. c5 Kh8 12. Nb5
dxc5 13. Nxc7 Rb8 14. Rc1 b6 15. Qb3 cxd4 16. exd4 Ndc5
17. dxc5 Qxc7 18. c6 f4 19. Rfd1 Nc5 20. Qa3 a5 21. Bb5 Bf5
22. g4 Be4 23. Ng5 Bxc6 24. Ne6 Qe7 25. Bxc6 Qxe6 26. Bd5 Qf6
27. b4 axb4 28. Qxb4 Rfe8 29. a4 e4 30. Bc4 e3 31. fxe3 Rxe3
32. Bf1 Rf8 33. a5 Nb3 34. Rc7 bxa5 35. Qb7 Rc3 36. Rdd7 Rxc7
37. Qxc7 Nd4 38. Kh1 Ne6 39. Qxa5 Qb2 40. Qd5 Qf2 41. Bc4 Qe1+
42. Bg1 f3 43. Rxg7 Nxg7 44. Qc5 Rb8 45. Kh2 Qd2+ 46. Bf2 Qf4+
47. Bg3 Rb2+ 48. Kh1 Qc1+ 0-1

[Event "Bergen Chess International"]
[Site "Bergen NOR"]
[Date "2001.08.10"]
[EventDate "2001.08.04"]
[Round "7"]
[Result "1/2-1/2"]
[White "Norbert Sprotte"]
[Black "Saevar Bjarnason"]
[WhiteElo "2240"]
[BlackElo "2281"]
[PlyCount "126"]

1. Nf3 Nf6 2. c4 e6 3. g3 c5 4. Bg2 Nc6 5. O-O Be7 6. Nc3 O-O
7. d4 d5 8. cxd5 Nxd5 9. Nxd5 exd5 10. dxc5 Bxc5 11. a3 Bf5
12. b4 Bb6 13. Bb2 Be4 14. e3 Re8 15. b5 Na5 16. Nh4 Nc4
17. Bd4 Re6 18. a4 Bxd4 19. Qxd4 Bxg2 20. Nxg2 Re4 21. Qd1 d4
22. Qd3 Qd5 23. Nf4 Ne5 24. Nxd5 Nxd3 25. Rfd1 Nb2 26. Rd2 Rd8
27. Nc3 Ree8 28. Rxd4 Rxd4 29. exd4 Rc8 30. Ne2 Rc2 31. Kf1
Kf8 32. Ra2 g5 33. d5 Ke8 34. Nd4 Rc1+ 35. Kg2 Nc4 36. a5 Rd1
37. Nf5 Rxd5 38. g4 Kd8 39. a6 b6 40. Rc2 Nd6 41. Nxd6 Rxd6
42. Kf3 Rd5 43. Rb2 Kd7 44. Ke4 Kd6 45. f3 h6 46. h3 Re5+
47. Kd4 f5 48. Kc4 f4 49. Rd2+ Ke7 50. h4 Re3 51. hxg5 hxg5
52. Rh2 Rxf3 53. Rh7+ Kd6 54. Rxa7 Rf1 55. Rf7 f3 56. Kd3 f2
57. Ke2 Rb1 58. Kxf2 Rxb5 59. Rf5 Rb2+ 60. Ke3 Ra2 61. Rxg5
Rxa6 62. Kd4 Ra4+ 63. Kc3 Ke6 1/2-1/2

[Event "Bergen Chess International"]
[Site "Bergen NOR"]
[Date "2001.08.10"]
[EventDate "2001.08.04"]
[Round "7"]
[Result "1-0"]
[White "Stig K Martinsen"]
[Black "Bjorn Haveland"]
[WhiteElo "2076"]
[BlackElo "2145"]
[PlyCount "113"]

1. b3 d5 2. Bb2 e6 3. e3 Nf6 4. f4 c5 5. Nf3 Nc6 6. Bb5 Bd7
7. O-O Be7 8. Qe2 O-O 9. Bxc6 Bxc6 10. Ne5 Rc8 11. d3 Nd7
12. Nxc6 Rxc6 13. e4 Bf6 14. e5 Be7 15. c4 d4 16. Nd2 f5
17. exf6 Bxf6 18. Ne4 e5 19. f5 Bg5 20. Bc1 Bxc1 21. Raxc1 h6
22. g3 Nf6 23. Rce1 Nxe4 24. Qxe4 Re8 25. Re2 Rc7 26. Ref2 Qf6
27. Kg2 Qc6 28. Qxc6 Rxc6 29. Kf3 Kf7 30. Ke4 Kf6 31. h4 h5
32. Rg1 Rh8 33. g4 hxg4 34. Rxg4 Rcc8 35. Rfg2 Rh7 36. Rg6+
Kf7 37. R2g4 b6 38. Kxe5 Rd8 39. Re6 Rdh8 40. Reg6 Re8+
41. Re6 Reh8 42. Rd6 Re8+ 43. Kd5 Re3 44. Rgg6 Rxd3 45. Rd7+
Kf8 46. Rxa7 Re3 47. Rxb6 Rxh4 48. Rb8+ Re8 49. Rxe8+ Kxe8
50. Rxg7 d3 51. Rg1 Rh2 52. Rd1 Rxa2 53. Kxc5 d2 54. Kd4 Ke7
55. Kc3 Ra5 56. Rxd2 Rxf5 57. b4 1-0

[Event "Bergen Chess International"]
[Site "Bergen NOR"]
[Date "2001.08.10"]
[EventDate "2001.08.04"]
[Round "7"]
[Result "1-0"]
[White "Paal Vegard Hagesaether"]
[Black "Ragnar Edvardsen"]
[WhiteElo "2250"]
[BlackElo "2023"]
[PlyCount "111"]

1. c4 e5 2. g3 Nf6 3. Bg2 d5 4. cxd5 Nxd5 5. Nc3 Nb6 6. Nf3
Nc6 7. O-O Be7 8. d3 O-O 9. a3 Be6 10. b4 f5 11. Bb2 Bf6
12. Qc2 Qd7 13. Rac1 Nd4 14. Nxd4 exd4 15. Nb1 c6 16. Nd2 Qf7
17. Nc4 Nd5 18. Nd2 Rad8 19. Nf3 Nb6 20. Qd2 Qh5 21. b5 cxb5
22. Qb4 Bd5 23. Qxb5 Bc6 24. Qa5 Nc8 25. Qb4 Qe8 26. Nxd4 Bxg2
27. Kxg2 Bxd4 28. Bxd4 Qxe2 29. Qxb7 Rxd4 30. Rxc8 Qxd3
31. Re1 Rd7 32. Rxf8+ Kxf8 33. Qb8+ Rd8 34. Qxa7 Qd5+ 35. Kg1
Qd7 36. Qc5+ Kf7 37. Re5 g6 38. h4 f4 39. Qc4+ Kg7 40. Qxf4
Rf8 41. Qe3 Rf7 42. Kh2 Qd6 43. Re8 Qf6 44. Kg1 Rc7 45. Ra8
Rc3 46. Ra7+ Kf8 47. Ra6 Qxa6 48. Qxc3 Kf7 49. Qb3+ Kg7 50. a4
Qe2 51. Qc3+ Kg8 52. a5 h6 53. Qe3 Qd1+ 54. Kh2 Qh5 55. a6 g5
56. a7 1-0

[Event "Bergen Chess International"]
[Site "Bergen NOR"]
[Date "2001.08.10"]
[EventDate "2001.08.04"]
[Round "7"]
[Result "1-0"]
[White "Per Ofstad"]
[Black "Frederic Crapis"]
[WhiteElo "2205"]
[BlackElo "2030"]
[PlyCount "89"]

1. e4 c5 2. Nc3 Nc6 3. g3 g6 4. Bg2 Bg7 5. d3 e6 6. Be3 d6
7. Nge2 Nd4 8. f4 b5 9. e5 Rb8 10. Nxd4 cxd4 11. Bxd4 Bb7
12. Bxb7 Rxb7 13. Qf3 Qd7 14. Ne4 dxe5 15. Bxe5 Bxe5 16. fxe5
Rc7 17. Rf1 Kf8 18. Nd6 f5 19. Qa8+ Ke7 20. O-O-O Qc6 21. Qxc6
Rxc6 22. Nxb5 Rc5 23. Nd4 Nh6 24. c3 Ng4 25. Rfe1 Nxh2 26. Kd2
Ng4 27. b4 Rd5 28. Nc6+ Kf7 29. c4 Rd7 30. Kc3 h5 31. b5 g5
32. a4 h4 33. gxh4 gxh4 34. a5 h3 35. b6 axb6 36. axb6 h2
37. Rb1 Rh3 38. Nb4 Nf2 39. c5 Ne4+ 40. Rxe4 fxe4 41. c6 Rd8
42. c7 Rg8 43. b7 exd3 44. Rf1+ Kg6 45. c8=Q 1-0

[Event "Bergen Chess International"]
[Site "Bergen NOR"]
[Date "2001.08.10"]
[EventDate "?"]
[Round "7"]
[Result "1/2-1/2"]
[White "Dominika Gorczyca"]
[Black "Bart Stam"]
[WhiteElo "2069"]
[BlackElo "2088"]
[Source "Bergensjakk"]
[PlyCount "34"]

1. d4 d5 2. Nf3 Nf6 3. c4 e6 4. Nc3 Be7 5. Bg5 O-O 6. e3 h6 7. Bh4 b6 8. cxd5
Nxd5 9. Bxe7 Qxe7 10. Nxd5 exd5 11. Be2 Be6 12. Rc1 c5 13. O-O Nd7 14. Ba6 Rab8
15. Bb5 Rfc8 16. Qe2 Rc7 17. Rfd1 1/2-1/2

[Event "Bergen Chess International"]
[Site "Bergen NOR"]
[Date "2001.08.11"]
[EventDate "2001.08.04"]
[Round "8"]
[Result "0-1"]
[White "Ragnar Edvardsen"]
[Black "Jesper Morch Lauridsen"]
[WhiteElo "2023"]
[BlackElo "2223"]
[PlyCount "66"]

1. e4 c5 2. Nf3 d6 3. d4 cxd4 4. Nxd4 Nf6 5. Nc3 g6 6. Be3 Bg7
7. f3 O-O 8. Qd2 Nc6 9. Bc4 Bd7 10. O-O-O Rc8 11. Bb3 Ne5
12. g4 b5 13. h4 a5 14. h5 a4 15. hxg6 axb3 16. gxh7+ Kh8
17. axb3 Qa5 18. Bh6 Bxh6 19. Qxh6 b4 20. Nb1 Qc5 21. Rd2 Bxg4
22. fxg4 Nxe4 23. Nf5 Nd3+ 24. Kd1 Nxb2+ 25. Ke1 Qe5 26. Rd5
Qf6 27. Qe3 e6 28. Rh6 Qg5 29. Qxe4 exd5 30. Qd4+ f6 31. Qxb2
Rfe8+ 32. Kf1 Qf4+ 33. Kg2 Re2+ 0-1

[Event "Bergen Chess International"]
[Site "Bergen NOR"]
[Date "2001.08.11"]
[EventDate "2001.08.04"]
[Round "8"]
[Result "1/2-1/2"]
[White "John Arni Nilssen"]
[Black "Throstur Thorhallsson"]
[WhiteElo "2333"]
[BlackElo "2456"]
[PlyCount "50"]

1. d4 d5 2. c4 dxc4 3. Nf3 Nf6 4. e3 e6 5. Bxc4 a6 6. O-O c5
7. dxc5 Qxd1 8. Rxd1 Bxc5 9. Be2 Nc6 10. a3 b5 11. b4 Bb6
12. Bb2 Bb7 13. Nbd2 Ke7 14. Nb3 Rhd8 15. Ne1 g6 16. Nd3 Nd7
17. Rac1 Rac8 18. Bf3 Rc7 19. Kf1 Rdc8 20. Ndc5 Bxc5 21. Rxd7+
Rxd7 22. Nxc5 Nd8 23. Nxd7 Rxc1+ 24. Bxc1 Kxd7 25. Bd1 Bd5
1/2-1/2

[Event "Bergen Chess International"]
[Site "Bergen NOR"]
[Date "2001.08.11"]
[EventDate "2001.08.04"]
[Round "8"]
[Result "1-0"]
[White "Tatjana Georgieva Plachkinova"]
[Black "Yves Miellet-Bensan"]
[WhiteElo "2190"]
[BlackElo "2243"]
[PlyCount "59"]

1. d4 f5 2. Nf3 Nf6 3. c4 g6 4. b4 e6 5. Qb3 d6 6. Bb2 Bg7
7. g3 O-O 8. Bg2 a6 9. O-O Qe7 10. Re1 Kh8 11. Nbd2 Ne4
12. Nxe4 fxe4 13. Nd2 Nc6 14. e3 d5 15. cxd5 exd5 16. Qxd5
Nxb4 17. Qxe4 Qf7 18. Rf1 Bf5 19. Qf3 Nc2 20. Rab1 Qxa2 21. e4
Be6 22. Qd3 Nb4 23. Qa3 a5 24. d5 Bd7 25. Bxg7+ Kxg7 26. Qxa2
Nxa2 27. Rxb7 Rfc8 28. e5 Ra6 29. Ra1 Nc3 30. Nc4 1-0

[Event "Bergen Chess International"]
[Site "Bergen NOR"]
[Date "2001.08.11"]
[EventDate "2001.08.04"]
[Round "8"]
[Result "1-0"]
[White "Saevar Bjarnason"]
[Black "Linus Olsson"]
[WhiteElo "2281"]
[BlackElo "2196"]
[PlyCount "79"]

1. e4 c5 2. Nf3 d6 3. d4 cxd4 4. Nxd4 Nf6 5. Nc3 a6 6. Be2 e5
7. Nb3 Be7 8. Be3 O-O 9. O-O Be6 10. a4 Nbd7 11. a5 Qc7 12. f4
exf4 13. Rxf4 Ne5 14. Kh1 Nc4 15. Bxc4 Bxc4 16. Nd4 Rfe8
17. Nf5 Bf8 18. Bd4 d5 19. Nh6+ Kh8 20. Rxf6 gxf6 21. Qg4 Bg7
22. Nf5 Rg8 23. Nxg7 h5 24. Ne8 Rxg4 25. Nxc7 Rag8 26. Bxf6+
Kh7 27. b3 Bb5 28. exd5 Rxg2 29. N3xb5 axb5 30. Be5 h4 31. c4
bxc4 32. bxc4 Re2 33. Bd6 Rgg2 34. Rf1 Kg6 35. h3 Rgf2
36. Rxf2 Rxf2 37. Be7 Kf5 38. d6 Rd2 39. Kg1 Ke4 40. Kf1 1-0

[Event "Bergen Chess International"]
[Site "Bergen NOR"]
[Date "2001.08.11"]
[EventDate "2001.08.04"]
[Round "8"]
[Result "1-0"]
[White "Evgenij Romanovich Agrest"]
[Black "Rune Djurhuus"]
[WhiteElo "2529"]
[BlackElo "2474"]
[PlyCount "79"]

1. c4 g6 2. d4 Nf6 3. Nc3 Bg7 4. e4 d6 5. h3 O-O 6. Bg5 Na6
7. Bd3 e5 8. d5 Qe8 9. g4 Nd7 10. a3 Nac5 11. Bc2 a5 12. b4
axb4 13. axb4 Rxa1 14. Qxa1 Na6 15. Qa3 Nb6 16. c5 dxc5
17. bxc5 Nc4 18. Qb3 Na5 19. Qa3 b6 20. Ba4 Bd7 21. c6 Bc8
22. Bb5 f6 23. Be3 Rf7 24. d6 cxd6 25. Bxb6 Nxc6 26. Bxa6 Nd4
27. Bd3 Qc6 28. Bxd4 exd4 29. Nd5 f5 30. gxf5 gxf5 31. Ne2
fxe4 32. Bxe4 Qb5 33. Ndf4 Kh8 34. Qa8 Qb4+ 35. Kf1 Rf8
36. Qd5 Be5 37. Nd3 Qd2 38. Nxe5 Qd1+ 39. Kg2 Qxe2 40. Qxd4
1-0

[Event "Bergen Chess International"]
[Site "Bergen NOR"]
[Date "2001.08.11"]
[EventDate "2001.08.04"]
[Round "8"]
[Result "1-0"]
[White "Fredrik Andersson"]
[Black "Ole Johan Valaker"]
[WhiteElo "2173"]
[BlackElo "2134"]
[PlyCount "91"]

1. e4 c6 2. d4 d5 3. Nc3 dxe4 4. Nxe4 Nf6 5. Nxf6+ gxf6 6. c3
Bf5 7. Nf3 e6 8. g3 Be4 9. Bg2 f5 10. O-O Bd6 11. Re1 Nd7
12. Nh4 Bxg2 13. Nxf5 Qf6 14. Nxd6+ Ke7 15. Kxg2 Kxd6 16. Bf4+
Ke7 17. Be5 Nxe5 18. dxe5 Qg5 19. Qd6+ Ke8 20. Qc7 Qe7 21. Qa5
h5 22. h4 Rg8 23. Re4 b6 24. Qa4 Qb7 25. Rd1 b5 26. Qc2 c5
27. Kh2 Rd8 28. Rxd8+ Kxd8 29. Rf4 Rg4 30. Qd1+ Ke8 31. Rxg4
hxg4 32. Qxg4 Qd5 33. Qg8+ Ke7 34. Qg5+ Ke8 35. a3 a5 36. Qg8+
Ke7 37. Qg5+ Ke8 38. Qf4 Qd1 39. Qe3 c4 40. Qb6 Qd5 41. Qb8+
Ke7 42. Qd6+ Ke8 43. Qxd5 exd5 44. Kg2 d4 45. Kf1 b4 46. cxb4
1-0

[Event "Bergen Chess International"]
[Site "Bergen NOR"]
[Date "2001.08.11"]
[EventDate "2001.08.04"]
[Round "8"]
[Result "1/2-1/2"]
[White "Per Ofstad"]
[Black "Svein Johannessen"]
[WhiteElo "2205"]
[BlackElo "2269"]
[PlyCount "24"]

1. e4 c6 2. d4 d5 3. Nd2 dxe4 4. Nxe4 Bf5 5. Ng3 g6 6. Nf3 Nd7
7. Bd3 Bxd3 8. Qxd3 Bg7 9. O-O Ngf6 10. b3 O-O 11. Bb2 Qc7
12. Rfe1 Rfe8 1/2-1/2

[Event "Bergen Chess International"]
[Site "Bergen NOR"]
[Date "2001.08.11"]
[EventDate "2001.08.04"]
[Round "8"]
[Result "0-1"]
[White "Dominika Gorczyca"]
[Black "Arn Tore Haugsdal"]
[WhiteElo "2069"]
[BlackElo "2144"]
[PlyCount "76"]

1. d4 Nf6 2. Nf3 c5 3. c3 g6 4. dxc5 Bg7 5. Bg5 O-O 6. Nbd2
Na6 7. e3 Nxc5 8. Be2 Nfe4 9. Bf4 d5 10. O-O Qb6 11. Nb3 Rd8
12. h3 Bd7 13. Nxc5 Nxc5 14. Be5 Bxe5 15. Nxe5 Bf5 16. Qc1 f6
17. Nf3 e5 18. Rd1 Rac8 19. Ne1 a5 20. g4 Be6 21. Nf3 Ne4
22. Bd3 Nc5 23. Bc2 Qc6 24. Ne1 b5 25. Qb1 Kg7 26. Ng2 Ne4
27. Bxe4 dxe4 28. b4 a4 29. Rxd8 Rxd8 30. Qc2 Rd3 31. Rc1 Qc4
32. a3 Qb3 33. Kh2 Qxa3 34. Ne1 Qb3 35. Nxd3 Qxc2 36. Rxc2
exd3 37. Rd2 e4 38. Kg3 a3 0-1

[Event "Bergen Chess International"]
[Site "Bergen NOR"]
[Date "2001.08.11"]
[EventDate "2001.08.04"]
[Round "8"]
[Result "1-0"]
[White "Philip Landgren"]
[Black "Rune Myhrvold"]
[WhiteElo "2193"]
[BlackElo "2248"]
[PlyCount "75"]

1. d4 d5 2. c4 dxc4 3. e3 e5 4. Bxc4 exd4 5. exd4 Nf6 6. Nc3
Bb4 7. Nge2 O-O 8. Bg5 Nbd7 9. O-O Nb6 10. Bb3 Bf5 11. Ng3 Bg6
12. f4 h6 13. f5 Bxc3 14. bxc3 Bh7 15. Bc1 Re8 16. Qf3 Qc8
17. c4 c5 18. Ba3 cxd4 19. c5 Nbd7 20. Bxf7+ Kh8 21. Bxe8 Qxe8
22. Rfe1 Qc8 23. Rac1 Nb8 24. Nh5 Nxh5 25. Qxh5 Nc6 26. f6 Qf8
27. fxg7+ Qxg7 28. Re8+ Rxe8 29. Qxe8+ Bg8 30. Qe4 Bf7 31. Bb2
Bg6 32. Qf4 Kh7 33. Rd1 Qe7 34. Bxd4 Qe2 35. Rf1 Qe6 36. Qc7+
Ne7 37. Bf6 Qe3+ 38. Kh1 1-0

[Event "Bergen Chess International"]
[Site "Bergen NOR"]
[Date "2001.08.11"]
[EventDate "2001.08.04"]
[Round "8"]
[Result "1-0"]
[White "Torbjorn Ringdal Hansen"]
[Black "Sebastian Schmidt-Schaeffer"]
[WhiteElo "2244"]
[BlackElo "2323"]
[PlyCount "74"]

1. c4 f5 2. Nf3 Nf6 3. g3 g6 4. Bg2 Bg7 5. O-O O-O 6. Nc3 d6
7. Rb1 a5 8. a3 h6 9. b4 axb4 10. axb4 g5 11. Bb2 e5 12. d3
Qe8 13. Ra1 Rxa1 14. Qxa1 Nc6 15. b5 Ne7 16. c5 f4 17. b6 fxg3
18. fxg3 Ng4 19. bxc7 d5 20. Nd1 Nf5 21. Nd2 Qh5 22. h3 Nxg3
23. Rxf8+ Kxf8 24. hxg4 Nxe2+ 25. Kf2 Bxg4 26. Nf3 Nf4
27. Qa8+ Qe8 28. Qxe8+ Kxe8 29. Kg3 h5 30. Bxe5 Bxe5 31. Nxe5
Be6 32. Ne3 h4+ 33. Kh2 Nxg2 34. Kxg2 d4 35. N3c4 Ke7 36. Nd6
Kf6 37. Nec4 Ke7 1-0

[Event "Bergen Chess International"]
[Site "Bergen NOR"]
[Date "2001.08.11"]
[EventDate "2001.08.04"]
[Round "8"]
[Result "1-0"]
[White "Miitrei Sorsa"]
[Black "Flemming Christenson"]
[WhiteElo "2111"]
[BlackElo "2218"]
[PlyCount "79"]

1. c4 e6 2. g3 d5 3. Bg2 c6 4. Nf3 dxc4 5. O-O b5 6. a4 Bb7
7. b3 cxb3 8. Qxb3 b4 9. Ne5 Qc7 10. Bb2 c5 11. Bxb7 Qxb7
12. a5 Nf6 13. a6 Qd5 14. Qa4+ Nbd7 15. d3 Be7 16. e4 Qd6
17. Nc6 Qxd3 18. Bxf6 Bxf6 19. e5 Bg5 20. Rd1 Qe2 21. Nb8
Qxd1+ 22. Qxd1 Rxb8 23. f4 Be7 24. Qa4 c4 25. Nd2 Bc5+ 26. Kg2
c3 27. Ne4 Ke7 28. Rd1 Rhd8 29. Rxd7+ Rxd7 30. Nxc5 Rd2+
31. Kh3 c2 32. Nb3 Rb6 33. Qa1 Rd3 34. Nc1 Rd5 35. Nb3 Rc6
36. Qa4 Rb6 37. Qa2 Rc6 38. Qa4 Rb6 39. Qa2 Rd2 40. Qa4 1-0

[Event "Bergen Chess International"]
[Site "Bergen NOR"]
[Date "2001.08.11"]
[EventDate "2001.08.04"]
[Round "8"]
[Result "1-0"]
[White "Stellan Brynell"]
[Black "Joanna Dworakowska"]
[WhiteElo "2486"]
[BlackElo "2350"]
[PlyCount "79"]

1. e4 c5 2. Nf3 d6 3. c3 Nf6 4. Be2 Bd7 5. d3 g6 6. O-O Bg7
7. Re1 O-O 8. Bf1 Bc6 9. Nbd2 Nbd7 10. d4 cxd4 11. cxd4 e6
12. b3 b5 13. Ba3 Qb8 14. Rc1 Rc8 15. d5 exd5 16. exd5 Bxd5
17. Rxc8+ Qxc8 18. Bxb5 Qb7 19. Bf1 Qb6 20. Qc2 Ng4 21. Nc4
Bxc4 22. Bxc4 Nde5 23. Nxe5 Bxe5 24. Bxf7+ Kg7 25. Be6 Nxf2
26. Bc5 Qxc5 27. Qxc5 dxc5 28. Rxe5 Nd3 29. Rd5 Nf4 30. Rd7+
Kf6 31. Bc4 h5 32. h4 Re8 33. Rxa7 Rd8 34. g3 Rd1+ 35. Kf2 Nd5
36. Rd7 Nc3 37. Rxd1 Nxd1+ 38. Kf3 Nc3 39. a4 Ke5 40. a5 1-0